000
00319nam a22001217a 4500
008
180131b xxu||||| |||| 00| 0 eng d
041
_a
eng
080
_a
33
100
_a
52
101
_a
EKO
245
_a
A history of the theories of production& distribution in english political economy
_c
Cannan,E
942
_2
udc
_c
BK
999
_c
41368
_d
41368